| 000 | 04158namaa22004091i 4500 | ||
|---|---|---|---|
| 003 | OSt | ||
| 005 | 20260621122116.0 | ||
| 008 | 250827s2025 ua a|||frm||| 000 0 eng d | ||
| 040 |
_aEG-GICUC _bara _cEG-GICUC _dEG-GICUC _erda |
||
| 041 | 0 |
_aara _bara _beng |
|
| 049 | _aإيداع | ||
| 082 | 0 | 4 | _a302.23 |
| 092 |
_a302.23 _221 |
||
| 097 | _aمــــاجستير | ||
| 099 | _aCai01.15.01.M.Sc.2025.شا.د | ||
| 100 | 0 |
_a،شاهيناز مصطفى سيد محروس جاويش _eإعداد. |
|
| 245 | 1 | 0 |
_aدور التلفزيون ومواقع التواصل الاجتماعي في تعزيز الوعي بالأعمال الخيرية لدى الشباب المصري / _cإعداد شاهيناز مصطفى سيد محروس جاويش؛ إشراف أ.د/ حسن عماد مكاوي. |
| 246 | 1 | 5 | _aThe role of television and social media in enhancing charitable awareness among egyptian youth / |
| 264 | 0 | _c2025. | |
| 300 |
_a207 صفحة : _bإيضاحيات ؛ _c30 سم. + _eCD. |
||
| 336 |
_atext _2rda content |
||
| 337 |
_aUnmediated _2rdamedia |
||
| 338 |
_avolume _2rdacarrier |
||
| 502 | _aأطروحة (ماجستير)-جامعة القاهرة، 2025. | ||
| 504 | _aببليوجرافيا: صفحات 169-186. | ||
| 520 | _aسعت هذه الدراسة إلى التعرف على دور التلفزيون ومواقع التواصل الاجتماعي في تعزيز وعي الشباب المصري بالأعمال الخيرية والتطوعية، في ظل تزايد الاعتماد على الوسائط الإعلامية في تشكيل الاتجاهات المجتمعية. وتمثّلت مشكلة الدراسة في محاولة فهم العلاقة بين تعرض الشباب لهذه الوسائل الإعلامية، ومستوى وعيهم ومشاركتهم في أنشطة العمل الخيري والتطوعي. وهدفت الدراسة إلى الكشف عن مدى تأثير الوسائط الإعلامية التقليدية والرقمية على وعي الشباب وسلوكهم التطوعي، وتحديد أكثر المنصات والبرامج تأثيرًا في تشكيل هذا الوعي.واستخدمت الباحثة المنهج الوصفي التحليلي، واعتمدت على الاستبيان كأداة رئيسية لجمع البيانات من عينة قوامها 414 مفردة من الشباب المصري، وتم تحليل البيانات باستخدام الأساليب الإحصائية المناسبة لاختبار الفروض. | ||
| 520 | _aThis study aimed to explore the role of television and social media in enhancing Egyptian youth’s awareness of charitable and volunteer work, in light of the increasing reliance on media platforms in shaping societal attitudes. The research problem centered on understanding the relationship between young people’s exposure to these media channels and their level of awareness and participation in charitable and volunteer activities.The study sought to assess the impact of both traditional and digital media on youth awareness and volunteering behavior, and to identify the most influential platforms and programs in shaping this awareness.The researcher adopted the descriptive-analytical method, relying on a questionnaire as the primary tool for data collection from a sample of 414 Egyptian youth. The data were analyzed using appropriate statistical techniques to test the research hypotheses. | ||
| 530 | _aصدر أيضًا كقرص مدمج. | ||
| 546 | _aالنص بالعربية والملخص باللغة الإنجليزية والعربية. | ||
| 650 | 7 |
_aوسائط الاتصال _2qrmak |
|
| 653 | 0 |
_aالتلفزيون _aمواقع التواصل الاجتماعي _aالوعي |
|
| 700 | 0 |
_aحسن عماد مكاوي _eمشرف أطروحة. |
|
| 900 |
_b24-05-2025 _cحسن عماد مكاوي _dإنجي عباس أبو العز _dصابر عسران _Uجامعة القاهرة _Fكلية الإعلام _Dقسم الإذاعة والتلفزيون |
||
| 905 | _aSara | ||
| 942 |
_2ddc _cTH _e21 _n0 |
||
| 999 | _c180576 | ||